Animated Movie Characters (A-Z) Quiz Stats

 Plays Quiz Updated Aug 6, 2018

Score 0/25 Timer 04:00
7 Plays Today
Character % Correct
Donkey
97.2%
Winnie the Pooh
94.1%
Cruella de Vil
91%
Yogi Bear
90%
Stuart Little
87.6%
Ursula
87%
Lorax
84.1%
Roger Rabbit
82.4%
Queen of Hearts
81%
Joy
78.8%
EVE
77.7%
Anastasia
77.5%
Gromit
76.3%
Character % Correct
Iron Giant
74.5%
Zazu
70.9%
Po
70%
Manny
59.9%
Flynn Rider
55.8%
Kronk
52.6%
Nigel
41.2%
Totoro
41.2%
Hiccup Horrendous Haddock III
38.8%
Barry B. Benson
37.3%
Osmosis Jones
37.3%
Vector
34.3%

You're not logged in!

Compare scores with friends on all Sporcle quizzes.
OR
Log In

Sporcle TV

Today on Sporcle TV


Watch our educational content, quiz creation guides, and fun videos on Sporcle TV.

Show Comments

Extras

Top Quizzes Today


Score Distribution

Your Account Isn't Verified!

In order to create a playlist on Sporcle, you need to verify the email address you used during registration. Go to your Sporcle Settings to finish the process.

Report this User

Report this user for behavior that violates our Community Guidelines.

Details: